| 000 | 00729nam a22001697a 4500 | ||
|---|---|---|---|
| 999 |
_c63386 _d63386 |
||
| 003 | Ge_BSU | ||
| 005 | 20250929141329.0 | ||
| 008 | 250929s1972 ge ||||| |||| 00| 0 geo d | ||
| 041 | _ageo | ||
| 080 | _a63(479.223) ბ-13 | ||
| 100 |
_aბაუჟაძე, ალექსანდრე _93874 |
||
| 245 |
_aაჭარის ასსრ სოფლის მეურნეობა : _bაღმავლობის გზაზე / _cალექსანდრე ბაუჟაძე. |
||
| 264 |
_aბათუმი : _b საბჭ. აჭარა, _c 1972. |
||
| 300 |
_a131 გვ. ; _b16 სმ. |
||
| 653 | _aაჭარის სოფლის მეურნეობა | ||
| 942 |
_2udc _cᲬᲘᲒᲜᲘ |
||